Online Catalogue and eLibrary

The God of Small Things (Record no. 3321)

MARC details
000 -LEADER
fixed length control field 00365nam a2200157Ia 4500
005 - DATE AND TIME OF LATEST TRANSACTION
control field 20241114022328.0
008 - FIXED-LENGTH DATA ELEMENTS--GENERAL INFORMATION
fixed length control field 240331s9999 xx 000 0 und d
020 ## - INTERNATIONAL STANDARD BOOK NUMBER
ISBN 8186939008
082 ## - DDC Classification
Item Number - Author Mark ROY
Class No. 823
100 ## - MAIN ENTRY--PERSONAL NAME
Personal name Roy, A
245 #4 - TITLE STATEMENT
Title The God of Small Things
260 ## - PUBLICATION, DISTRIBUTION, ETC.
Place of publication, distribution, etc. New Delhi
Name of publisher, distributor, etc. IndiaInk
Date of publication, distribution, etc. 1997
300 ## - PHYSICAL DESCRIPTION
Extent (e.g. Volumes, Pages etc.) 339 p .,
650 ## - SUBJECT ADDED ENTRY--TOPICAL TERM
Topical term or geographic name entry element Short Stories
942 ## - Koha item type (Biblio)
Koha item type Books in Stacks (Lending)
Holdings
Lost status Damaged status Collection code Home library Current library Shelving location Date acquired Full call number Accession Number Item type
    Lending WERC Library WERC Library Social Science Cupboard 03/31/2024 823 ROY 2472 Books in Stacks (Lending)

© WERC Library